| 000 | nam a22 a 4500 | ||
|---|---|---|---|
| 999 |
_c57508 _d57508 |
||
| 003 | BLK | ||
| 005 | 20220519105419.0 | ||
| 008 | 220519b bu |||||r|||| 00| | bu d | ||
| 010 | _aKNG00061512000 | ||
| 040 | _aBLK | ||
| 041 |
_aBUL _cBUL |
||
| 080 |
_aБългарски език в основното училище. Методика на обучението _b373.3.016:811.163.2 _x(09) _z373.3.016:811.163.2(09) |
||
| 080 |
_aБългарски език _b811.163.2 _x(07)(09) _z811.163.2(07)(09) |
||
| 100 | 1 |
_aРусинов, Русин _eпърви автор _9369253 |
|
| 139 | _aРусинов, Русин | ||
| 245 | 1 | 0 |
_aИз историята на обучението по български език в училище _bИзследване _cРусин Русинов. |
| 257 | _aBGR | ||
| 260 |
_aСофия _bНар. просв. _c1983 |
||
| 300 |
_a156 с. _c20 см |
||
| 380 | _a3 | ||
| 650 | 4 |
_aБългарски език - методика на преподаването - история _9257861 |
|
| 852 | _aЦб 120419 | ||
| 856 | 4 | _qpdf | |
| 856 | 4 | _qpdf | |
| 942 |
_cKNG _n0 _s1 |
||
| 944 |
_aCR _c13.06.2004 _kЧиталня |
||
| 944 |
_aED _c15.09.2015 |
||
| 944 |
_aED _c2022-05-19 _kВК |
||
| 999 | _d57508 | ||